Statistics for Norway National Football Team

Click here to take the quiz!

General Stats

  • This quiz has been taken 132 times
  • The average score is 5 of 19

Answer Stats

GoalsCapsPlayer% Correct
2731Erling Haaland
98%
16110John Arne Riise
59%
2367Ole Gunnar Solskjær
55%
2491John Carew
46%
2062Joshua King
38%
2376Tore André Flo
34%
9100Henning Berg
31%
1783Kjetil Rekdal
28%
491Brede Hangeland
27%
2179Steffen Iversen
25%
097Erik Thorstvedt
20%
1783Morten Gamst Pedersen
19%
3345Jørgen Juve
12%
2071Jan Åge Fjørtoft
11%
1986Øyvind Leonhardsen
9%
2264Gunnar Thoresen
5%
0104Thorbjørn Svenssen
4%
2543Harald Hennum
3%
2633Einar Gundersen
2%

Score Distribution

Percentile by Number Answered

Percent of People with Each Score

Your Score History

You have not taken this quiz